Beta-lactamases /

Saved in:
Bibliographic Details
Other Authors: Hamilton-Miller, J. M. T., Smith, J. T. (John Thomson)
Format: Book
Language:English
Published: London : New York : Academic Press, 1979.
Subjects:
LEADER 00926nam a2200241 i 4500
001 c000304972
003 CARM
005 00000000000000.0
008 840306s1979 enka b 001 0 eng d
019 1 |a 1468839  |5 LACONCORD2021 
020 |a 0123215501 
035 |a (OCoLC)5241345  |5 LACONCORD2021 
082 0 4 |a 589.9/01/925 
245 0 0 |a Beta-lactamases /  |c edited by J. M. T. Hamilton-Miller and J. T. Smith. 
260 |a London :  |b New York : Academic Press,  |c 1979. 
300 |a xii, 500 p., [1] fold. leaf :  |b ill. ;  |c 24 cm. 
504 |a Includes bibliographies and index. 
650 0 |a Beta lactamases. 
700 2 |a Hamilton-Miller, J. M. T. 
700 1 |a Smith, J. T.  |q (John Thomson) 
852 8 |b CARM  |h A3:AR07F0  |i C11156  |p 0502859  |f BK 
999 f f |i 33a6901a-d924-5b9c-9d9f-62d377c8e3a4  |s ae40da07-6791-5d61-8c6a-492078934b79 
952 f f |p Can circulate  |a CAVAL  |b CAVAL  |c CAVAL  |d CARM 1 Store  |e C11156  |f A3:AR07F0  |h Other scheme  |i book  |m 0502859